000 01337nam0a2200337 4500
001 RU\NLR\bibl\1208502
005 20260406093147.0
010 _a978-5-699-24170-5
_95100
021 _aRU
_b2008-8648
_9479
035 _a(NLR Aleph) 001194943
090 _a1740909
_c1740909
100 _a20080401d2007 |||y0rusy50 ca
101 0 _arus
102 _aRU
105 _aa |||||||||
200 1 _a14, 15, 16! Все о любви и красоте для девочек
_e[сборник]
_fЕлена Усачева, Ирина Андреева
210 _aМосква
_cЭксмо
_d2007
215 _a284, [1] с.
_cил.
_d24
225 1 _aНастольная книга для девочек и мальчиков
300 _aНа обл. авт. не указан
517 0 _aВсе о любви и красоте для девочек
686 _aШ9
_bН99
700 1 _4070
_8rus
_7ca
_aУсачева
_bЕ. А.
_cписатель
_f1975-
_gЕлена Александровна
_3RU\NLR\auth\7764888
_947817
701 1 _4070
_8rus
_7ca
_aАндреева
_bИ. В.
_cдет. писатель
_gИрина Валерьевна
_3RU\NLR\auth\7738020
_921007
801 0 _aRU
_bNLR
_c20080401
_gRCR
801 1 _aRU
_bNLR
_c20080401
942 _cBOOK
980 _aNB